سيكولوجية اللعب / (رقم التسجيلة. 84967)

تفاصيل مارك
000 -الفاتح
عناصر البيانات ثابتة الطول 00684cam a2200205 i 4500
005 - تاريخ ووقت آخر معاملة
حقل ضبط 20251109100223.0
008 - عناصر البيانات ثابتة الطول
عناصر البيانات ثابتة الطول 250721s2003 jo gr 000 0 ara d
020 ## - الترقيم الدولي المعياري للكتب (ردمك)
الترقيم الدولي المعياري للكتب (ردمك) 9957170511
082 14 - رقم تصنيف ديوي العشري
رقم التصنيف 155.4
رقم المادة ه ن د
100 1# - مدخل رئيسي – اسم شخصي
الاسم الشخصي الهنداوي، علي فالح
علاقة الشخص بالعمل/ دوره مؤلف.
245 10 - بيان العنوان
العنوان سيكولوجية اللعب /
بيان المسؤولية علي فالح الهنداوي.
250 ## - بيان الطبعة
بيان الطبعة الطبعة الأولى.
264 31 - بيانات النشر، التوزيع…إلخ
مكان النشر، التوزيع...إلخ عمان :
اسم الناشر، الموزع...إلخ دار حنين،
تاريخ النشر، التوزيع...إلخ 2003.
264 31 - بيانات النشر، التوزيع…إلخ
مكان النشر، التوزيع...إلخ الكويت :
اسم الناشر، الموزع...إلخ مكتبة الفلاح،
300 ## - الوصف المادي
عدد الوحدات المكونة للوعاء 228 صفحة.
650 17 - مدخل إضافي بالموضوع - مصطلح موضوعي
مصطلح موضوعي أو اسم جغرافي كعنصر مدخل لعب الأطفال.
650 17 - مدخل إضافي بالموضوع - مصطلح موضوعي
مصطلح موضوعي أو اسم جغرافي كعنصر مدخل سيكولوجية الأطفال.
942 ## - بيانات إضافية (كوها)
نوع التنصيف Dewey Decimal Classification
نوع المادة (كوها) كتب
المقتنيات
حالة السحب حالة الفقدان مصدر التصنيف حالة التلف غير قابل للإعارة المكتبة الرئيسية المكتبة الحالية موقع الرف تاريخ التزويد الرقم المتسلسل Total Checkouts رقم الإستدعاء الباركود تاريخ آخر ظهور تاريخ الفاتورة نوع المادة (كوها)
    Dewey Decimal Classification     المكتبة المركزية المكتبة المركزية الإعارة 03/05/2016 1625108   155.4 / ه ن د PLD00389054 28/07/2025 03/05/2016 كتب
    Dewey Decimal Classification     مكتبة الاميرة بديعة مكتبة الاميرة بديعة الإعارة 13/07/2015 571785   155.4/هند PLD00337745 28/07/2025 13/07/2015 كتب
Implemented & Customized by: BBB with SCIT (Smart Chains for Information Technology)

Powered by Koha